00322nam a2200145Ia 4500003000900000008004100009040001300050040001300063100002000076245003400096260001200130300000800142490000600150700002000156IT-RoPAU120407s9999 xx 000 0 und d aIT-RoPAU cIT-RoPAU aGiovanna Anzani aScultura moderna in Lombardia aCariplo c cm v1 aLuciano Caramel